| 000 | 00350nam a2200133Ia 4500 | ||
|---|---|---|---|
| 008 | 240624s9999 xx 000 0 und d | ||
| 041 | _aeng | ||
| 082 | _a659.1 STU | ||
| 100 | _aSTUTZ ELINOR | ||
| 245 | _aHIRED HOW TO USE SALES TECHNIQUES TO SEL | ||
| 260 |
_c2014 _aNew Delhi _bWide Canvas/Vikas |
||
| 300 | _a217 : p. : cm. ; 21 | ||
| 365 |
_cRS _b30 |
||
| 999 |
_c23081 _d23081 |
||